000 00479nam a22001817a 4500
003 MPLRDC
005 20220104193615.0
008 210129b ||||| |||| 00| 0 eng d
020 _a978-7-5304-4188-6
082 _a859.6 WW
100 _a株式会社学习研究社
245 _a小学生疑问排行榜
_c王维 译
250 _a一版一刷
260 _a中国
_b北京科学技术出版社
_c2009
300 _b
650 _a儿童读物
942 _cBK
_o859.6 WW
999 _c65282
_d65272